|
|
|
|
| LEADER |
00000nab a2200000 ar4500 |
| 001 |
vtls009145710 |
| 003 |
SK-MaSNL |
| 005 |
20260318123517.0 |
| 008 |
070906c20070904xo |||||||| 000 b|hun |
| 015 |
|
|
|a SNBRB2007/09
|2 snkbucl
|
| 038 |
|
|
|a SNKBUCL
|
| 040 |
|
|
|a DSZK
|b slo
|c DSZK
|e AACR2
|
| 041 |
0 |
|
|a hun
|
| 044 |
|
|
|a xo
|c SK
|
| 080 |
|
|
|a 378.4
|x (=511.141)
|x (437.6)
|2 1997
|
| 080 |
|
|
|a 061.7
|2 1997
|
| 100 |
1 |
|
|a Krasznica, Melitta V.
|4 aut
|9 844987
|
| 245 |
1 |
0 |
|a Tanévnyitó Szili Katalinnal
|b a szlovák állam csak a normatívát biztosítja
|c V. Krasznica Melitta
|
| 610 |
2 |
7 |
|a Univerzita J. Selyeho
|2 snkbucl
|9 178415
|
| 648 |
|
7 |
|a 2007
|2 snkbucl
|9 313226
|
| 648 |
|
7 |
|a 3.9.2007
|2 snkbucl
|9 1048297
|
| 651 |
|
7 |
|a Komárno (Slovensko)
|2 snkbucl
|9 39168
|
| 773 |
0 |
|
|t Új szó
|g Évf. 60, sz. 203 (4.9.2007), o. 2
|
| 852 |
|
|
|a SNK
|b KIS3GCP
|
| 852 |
|
|
|a DSZK
|b KIS3GCP
|
| 958 |
|
|
|a HU
|
| 958 |
|
|
|a SK
|
| 999 |
|
|
|c 2642014
|d 2643944
|